Countries by Empires - Statistics

General Stats
  • This quiz has been taken 28 times
  • The average score is 13 of 20
Answer Stats
Empires Answer % Correct
Ming, Tang China
92%
Prussia, Holy Roman Empire Germany
92%
Kievan Rus, Soviet Union Russia
92%
Mughal, Gupta India
88%
Tokugawa, Yamato Japan
88%
Ottoman, Rum Turkey
88%
Texas, Vermont USA
85%
Achaemenid, Timurids Iran
77%
Aragon, Castille Spain
77%
Babylon Iraq
69%
Olmec Mexico
69%
Carthage, Umayyad Tunisia
65%
Srivijaya, Majapahit Indonesia
58%
Goryeo, Joseon Korea
58%
Maori New Zealand
58%
Zulu South Africa
58%
Aksum Ethiopia
42%
Almohads, Almoravids Morocco
35%
Konbuang, Pagan Myanmar
31%
Kanem Chad
19%
No matching quizzes found
Score Distribution
Percent of People with Each Score
Percentile by Number Answered
Your Score History
You have not taken this quiz